| 000 | 00824nam a2200169Ia 4500 | ||
|---|---|---|---|
| 005 | 20250117103800.0 | ||
| 008 | 250117s9999 xx 000 0 und d | ||
| 020 | _a9780691146782 | ||
| 082 | _a341.2KEN | ||
| 100 | _aKennedy, David. | ||
| 245 | 2 |
_aA world of struggle _bhow power, law, and expertise shape global political economy |
|
| 260 |
_aPrinceton _bPrinceton University Press _c2016 |
||
| 300 | _aix, 298 pages ; 24 cm | ||
| 500 | _aIncludes bibliographical references and index. | ||
| 520 | _aA World of Struggle reveals the role of expert knowledge in our political and economic life. As politicians, citizens, and experts engage one another on a technocratic terrain of irresolvable argument and uncertain knowledge, a world of astonishing inequality and injustice is born. | ||
| 650 | _aInternational organization. | ||
| 999 |
_c5837 _d5837 |
||